16 najpopularniejszych imion żeńskich na B - Statystyki

Ogólne statystyki
  • Ten quiz został rozwiązany 185 razy
  • Średni wynik to 7 z 16
Statystyki odpowiedzi
Hint Odpowiedź % Poprawnych
1 Barbara 491058
96%
2 Beata 281453
79%
3 Bożena 202404
67%
10 Bożenna 12962
67%
4 Bogumiła 56474
63%
5 Bogusława 48151
63%
6 Bronisława 23744
44%
11 Bernadetta 6641
40%
8 Blanka 22319
40%
14 Bogna 2510
39%
12 Bianka 6472
36%
7 Bernadeta 23163
29%
9 Brygida 14762
24%
16 Balbina 1075
23%
15 Bolesława 2310
20%
13 Bernarda 4664
8%
Nie znaleziono quizów pasujących do podanych kryteriów
Rozkład punktacji
Procent ludzi z każdym wynikiem
Percentyl według liczby udzielonych odpowiedzi
Twoja historia wyników
Nie rozwiązałeś tego quizu